000 00752nam a22002297a 4500
003 UA-OsUOA
001 120567
007 ta
008 20170208b un ||||| |||| 00| 0 ukr d
100 _aГатто Д. Т.
090 _a373.3/5(73)(091)
_bГ23
942 _cBK
040 _aUA-OsUOA
_bukr
_cUA-OsUOA
_dUA-OsUOA
245 _aПрихована історія американської освіти
_bглибоке дослідження в'язниці сучасного шкільного навчання
300 _a413 с.
955 _a1
041 _aukr
080 _a373.3/5(73)(091)
260 _aЛьвів
_bДіор-К
_c2016
650 7 _a373 Види загальноосвітніх шкіл
_2UDC
999 _c406631
_d406631